| 000 | 00424nam a22001697a 4500 | ||
|---|---|---|---|
| 003 | LK-CoMWRAF | ||
| 005 | 20230908101327.0 | ||
| 008 | 230908b |||||||| |||| 00| 0 eng d | ||
| 040 |
_aLK-CoMWRAF _dLK-CoMWRAF _eLK-CoMWRAF |
||
| 041 | _aeng | ||
| 082 |
_a492.78 _bALI |
||
| 100 | _aAli, Syed | ||
| 245 | _aTeach yourself Arabic | ||
| 300 |
_aLahore : _bKazi publication, |
||
| 650 | _aArabic language-Grammar | ||
| 942 | _cBK | ||
| 999 |
_c3477 _d3477 |
||